| 000 | 01011nam a22002057a 4500 | ||
|---|---|---|---|
| 005 | 20140429090554.0 | ||
| 008 | 111006s2012 nyua 000 0 eng | ||
| 020 | _a9780071786980 | ||
| 024 | 0 | _ceng | |
| 080 | _a330.322 | ||
| 100 | 1 | _aMerriman, Paul A., | |
| 245 | 1 | 0 |
_aFinancial fitness forever : _cby Paul Merriman and Richard Buck. |
| 260 |
_aNew York : _bMcGraw-Hill, _c2012. |
||
| 300 |
_a229 f. : _bill. ; _c24 cm. |
||
| 505 | 0 | _aWhere we are and how we got here -- How we are our own worst enemies -- Where will you place your trust? -- Will you try to beat the market? -- How much risk will you take? -- How carefully will you diversify your investment holdings? -- How will you protect yourself from trends, fads, emotions and intuition? -- The best -- The worst -- Moving to action : twelve numbers to change your life -- The perfect investor. | |
| 650 | 0 | _aInvestimet | |
| 650 | 0 | _aFinanca | |
| 700 | 1 | _aBuck, Richard, | |
| 942 |
_2udc _cBK |
||
| 999 |
_c444 _d444 |
||